[Event "17th Aeroflot Open-A 2019"]
[Site "Moscow"]
[Date "2019.02.23"]
[Round "5.35"]
[White "Flom, Gabriel"]
[Black "Lalith Babu M R"]
[Result "1/2-1/2"]
[WhiteElo "2460"]
[BlackElo "2556"]
[Annotator "ChessBase"]
[PlyCount "108"]
[EventDate "2019.02.19"]
[EventCountry "RUS"]
[SourceTitle "playchess.com"]
[Source "ChessBase"]
[SourceQuality "1"]
[TimeControl "40/5400+30:1800+30"]

1. d4 {[%emt 0:09:59]} Nf6 {[%emt 0:00:00]} 2. c4 {[%emt 0:00:10]} e6 {[%emt 0:00:00]} 3. Nc3 {[%emt 0:00:11]} Bb4 {[%emt 0:00:07]} 4. e3 {[%emt 0:00:09]} O-O {[%emt 0:00:09]} 5. Bd3 {[%emt 0:00:13]} d5 {[%emt 0:00:10]} 6. cxd5 {[%emt 0:00:24]} exd5 {[%emt 0:01:46]} 7. Nge2 {[%emt 0:00:09]} Re8 {[%emt 0:03:17]} 8. O-O {[%emt 0:00:20]} b6 {[%emt 0:04:09]} 9. f3 {[%emt 0:00:17]} Bb7 {[%emt 0:00:32]} 10. g4 {[%emt 0:01:28]} c5 {[%emt 0:02:49]} 11. a3 {[%emt 0:18:18]} Bxc3 {[%emt 0:05:09]} 12. bxc3 {[%emt 0:00:13]} Ba6 {[%emt 0:02:24]} 13. Ng3 {[%emt 0:00:36]} Bxd3 {[%emt 0:01:28]} 14. Qxd3 {[%emt 0:00:08]} Nc6 {[%emt 0:00:31]} 15. Ra2 {[%emt 0:11:02]} Rc8 {[%emt 0:02:12]} 16. h4 {[%emt 0:00:16]} Qc7 {[%emt 0:11:45]} 17. Rg2 {[%emt 0:00:11]} Ne7 {[%emt 0:02:14]} 18. g5 {[%emt 0:04:48]} Nd7 {[%emt 0:00:28]} 19. h5 {[%emt 0:08:58]} cxd4 {[%emt 0:01:34]} 20. cxd4 {[%emt 0:00:08]} Qc4 {[%emt 0:02:20]} 21. Qb1 {[%emt 0:02:42]} Rc6 {[%emt 0:00:39]} 22. Bd2 {[%emt 0:03:29]} Qc2 {[%emt 0:05:13]} 23. Qxc2 {[%emt 0:02:45]} Rxc2 {[%emt 0:00:05]} 24. Bb4 {[%emt 0:00:07]} Rc6 {[%emt 0:06:37]} 25. Rff2 {[%emt 0:04:51]} g6 {[%emt 0:06:07]} 26. Rc2 {[%emt 0:05:35]} Rxc2 {[%emt 0:03:27]} 27. Rxc2 {[%emt 0:00:08]} Rc8 {[%emt 0:00:09]} 28. Rxc8+ {[%emt 0:17:47]} Nxc8 {[%emt 0:00:06]} 29. hxg6 {[%emt 0:00:13]} hxg6 {[%emt 0:00:15]} 30. Ne2 {[%emt 0:00:21]} a5 {[%emt 0:01:13]} 31. Bd2 {[%emt 0:00:09]} f6 {[%emt 0:00:54]} 32. Nc3 {[%emt 0:01:00]} Ne7 {[%emt 0:00:45]} 33. gxf6 {[%emt 0:03:38]} Nxf6 {[%emt 0:00:08]} 34. Be1 {[%emt 0:00:26]} g5 {[%emt 0:04:13]} 35. Bg3 {[%emt 0:03:16]} g4 {[%emt 0:00:35]} 36. Kf2 {[%emt 0:01:38]} gxf3 {[%emt 0:00:27]} 37. Kxf3 {[%emt 0:00:27]} Kf7 {[%emt 0:00:17]} 38. Bc7 {[%emt 0:00:37]} Nd7 {[%emt 0:00:29]} 39. Bd8 {[%emt 0:00:52]} Nc6 {[%emt 0:00:44]} 40. Bc7 {[%emt 0:00:00]} Ke6 {[%emt 0:00:00]} 41. Ke2 {[%emt 0:00:17]} Ne7 {[%emt 0:04:24]} 42. Kd3 {[%emt 0:02:14]} Kf5 {[%emt 0:07:40]} 43. Nb5 {[%emt 0:04:59]} Ke6 {[%emt 0:01:42]} 44. Bd8 {[%emt 0:07:03]} Nc8 {[%emt 0:04:03]} 45. Bc7 {[%emt 0:02:08]} Ne7 {[%emt 0:01:16]} 46. Na7 {[%emt 0:01:35]} Kf5 {[%emt 0:03:15]} 47. Ke2 {[%emt 0:00:54]} Ke6 {[%emt 0:00:09]} 48. Kf3 {[%emt 0:01:05]} Kf5 {[%emt 0:00:09]} 49. Bd8 {[%emt 0:00:54]} Ke6 {[%emt 0:00:19]} 50. Kf4 {[%emt 0:03:45]} Ng6+ {[%emt 0:02:32]} 51. Kf3 {[%emt 0:01:58]} Ne7 {[%emt 0:00:08]} 52. Nb5 {[%emt 0:01:12]} Nc8 {[%emt 0:02:44]} 53. Bh4 {[%emt 0:02:06]} Nf8 {[%emt 0:02:26]} 54. Bg3 {[%emt 0:02:27]} Kd7 {[%emt 0:01:12] Ke4} 1/2-1/2

[Event "17th Aeroflot Open-A 2019"]
[Site "Moscow"]
[Date "2019.02.23"]
[Round "5.36"]
[White "Jumabayev, Rinat"]
[Black "Gavrilescu, David"]
[Result "1-0"]
[WhiteElo "2604"]
[BlackElo "2479"]
[Annotator "TA"]
[PlyCount "43"]
[EventDate "2019.02.19"]
[EventCountry "RUS"]
[SourceTitle "playchess.com"]
[Source "ChessBase"]
[SourceQuality "1"]

{[%evp 13,43,11,12,-25,1,0,28,0,88,90,208,222,208,258,263,209,444,443,437,402,397,407,401,389,492,222,983,1211,1201,1191,1008,989]} 1. c4 e6 2. Nf3 d5 3. e3 Nf6 4. b3 Be7 5. Bb2 O-O 6. Nc3 dxc4 {A13: English Opening: 1...e6} 7. Bxc4 c5 {LiveBook: 8 Games} 8. h4 Nc6 $146 {Black has an edge.} ({Predecessor:} 8... a6 9. Qb1 b5 10. Be2 Bb7 11. Ng5 Nbd7 12. Bf3 Bxf3 13. Nxf3 Rc8 14. Ne2 {0-1 (59) Nepomniachtchi,I (2763)-Yu,Y (2764) St Petersburg 2018}) 9. Qb1 Nd5 10. g4 f6 (10... Nb6 $11) 11. Qe4 $16 {Strongly threatening Ng5!} Nc7 {[#]} (11... Nb6 $16) 12. Ng5 $1 $18 fxg5 13. hxg5 g6 14. f4 $40 {[%mdl 128] aiming for Nb5. White is out for blood.} Rf7 $2 (14... Qd7) 15. Nb5 Bf8 {Threatening ...Bg7.} 16. Nxc7 Qxc7 {[#]} 17. Qxg6+ $1 {[%mdl 512]} Rg7 (17... hxg6 18. Rh8#) 18. Qe4 Nb4 19. g6 (19. Bxg7 $142 Qxg7 20. Ke2) 19... hxg6 $2 ({Wrong is} 19... Rxg6 $2 {[#]} 20. Qxg6+ $1 {[%mdl 512]} hxg6 21. Rh8+ Kf7 22. Rh7+ Kg8 23. Rxc7 $18) (19... Qc6 20. gxh7+ Kh8 21. Qxc6 Nxc6) 20. Bxe6+ {White is clearly winning.} ({Less strong is} 20. Bxg7 Bxg7 21. Qxg6 Kf8 $18) 20... Bxe6 21. Qxe6+ Qf7 {[#]} 22. Rh8+ $1 {[%mdl 512] Precision: White = 68%, Black = 15%.} 1-0

[Event "17th Aeroflot Open-A 2019"]
[Site "Moscow"]
[Date "2019.02.23"]
[Round "5.37"]
[White "Harika, Dronavalli"]
[Black "Narayanan, Srinath"]
[Result "1/2-1/2"]
[WhiteElo "2471"]
[BlackElo "2572"]
[Annotator "ChessBase"]
[PlyCount "30"]
[EventDate "2019.02.19"]
[EventCountry "RUS"]
[SourceTitle "playchess.com"]
[Source "ChessBase"]
[SourceQuality "1"]
[TimeControl "40/5400+30:1800+30"]

1. Nf3 {[%emt 0:02:20]} c5 {[%emt 0:00:45]} 2. c4 {[%emt 0:00:17]} Nc6 {[%emt 0:00:05]} 3. Nc3 {[%emt 0:00:40]} Nf6 {[%emt 0:00:25]} 4. g3 {[%emt 0:00:54]} d5 {[%emt 0:01:37]} 5. cxd5 {[%emt 0:01:57]} Nxd5 {[%emt 0:00:07]} 6. Nxd5 Qxd5 {[%emt 0:00:10]} 7. Bg2 {[%emt 0:05:59]} g6 {[%emt 0:00:50]} 8. O-O {[%emt 0:01:25]} Bg7 {[%emt 0:00:06]} 9. d3 {[%emt 0:00:08]} O-O {[%emt 0:00:48]} 10. Be3 {[%emt 0:01:10]} Bd7 {[%emt 0:00:21]} 11. Nd4 {[%emt 0:01:37]} Qd6 {[%emt 0:00:13]} 12. Nxc6 {[%emt 0:00:20]} Bxc6 {[%emt 0:00:04]} 13. Bxc6 {[%emt 0:00:07]} Qxc6 {[%emt 0:00:04]} 14. Rc1 {[%emt 0:00:22]} Qa6 {[%emt 0:00:13]} 15. Rxc5 {[%emt 0:00:58]} b6 {[%emt 0:00:07]} 1/2-1/2

[Event "17th Aeroflot Open-A 2019"]
[Site "Moscow"]
[Date "2019.02.23"]
[Round "5.38"]
[White "Warmerdam, Max"]
[Black "Ghaem Maghami, Ehsan"]
[Result "1/2-1/2"]
[WhiteElo "2450"]
[BlackElo "2540"]
[Annotator "ChessBase"]
[PlyCount "59"]
[EventDate "2019.02.19"]
[EventCountry "RUS"]
[SourceTitle "playchess.com"]
[Source "ChessBase"]
[SourceQuality "1"]
[TimeControl "40/5400+30:1800+30"]

1. e4 {[%emt 0:00:20]} c6 {[%emt 0:13:15]} 2. d4 {[%emt 0:00:33]} d5 {[%emt 0:00:08]} 3. exd5 {[%emt 0:00:07]} cxd5 {[%emt 0:00:06]} 4. Bd3 {[%emt 0:00:04]} Nc6 {[%emt 0:00:22]} 5. c3 {[%emt 0:00:08]} Nf6 {[%emt 0:01:06]} 6. Bf4 {[%emt 0:00:07]} g6 {[%emt 0:04:28]} 7. Nf3 {[%emt 0:00:41]} Bg4 {[%emt 0:03:19]} 8. Nbd2 {[%emt 0:00:48]} Qc8 {[%emt 0:02:38]} 9. O-O {[%emt 0:05:16]} Bg7 {[%emt 0:00:12]} 10. Re1 {[%emt 0:01:58]} O-O {[%emt 0:00:10]} 11. h3 {[%emt 0:02:09]} Bf5 {[%emt 0:00:06]} 12. Bb5 {[%emt 0:07:31]} Re8 {[%emt 0:05:50]} 13. Nh4 {[%emt 0:03:02]} Bd7 {[%emt 0:00:48]} 14. Bd3 {[%emt 0:00:41]} Qd8 {[%emt 0:08:51]} 15. Bh2 {[%emt 0:07:26]} e6 {[%emt 0:03:44]} 16. Nhf3 {[%emt 0:00:55]} a6 {[%emt 0:11:53]} 17. a4 {[%emt 0:04:23]} Bc8 {[%emt 0:10:15]} 18. Nb3 {[%emt 0:31:17]} Nd7 {[%emt 0:03:44]} 19. a5 {[%emt 0:01:43]} b6 {[%emt 0:03:41]} 20. axb6 {[%emt 0:01:05]} Qxb6 {[%emt 0:01:17]} 21. Ra2 {[%emt 0:01:49]} Bb7 {[%emt 0:05:48]} 22. Bf1 {[%emt 0:04:24]} a5 {[%emt 0:05:08]} 23. Bf4 {[%emt 0:02:58]} Ba6 {[%emt 0:01:41]} 24. Bxa6 {[%emt 0:00:22]} Rxa6 {[%emt 0:02:37]} 25. Nbd2 {[%emt 0:00:29]} Qb7 {[%emt 0:03:12]} 26. Qa4 {[%emt 0:01:30]} Rb6 {[%emt 0:02:37]} 27. Rea1 {[%emt 0:03:18]} Rc8 {[%emt 0:00:17]} 28. Rb1 {[%emt 0:02:07]} Rb5 {[%emt 0:01:26]} 29. Qd1 {[%emt 0:01:38]} a4 {[%emt 0:01:04]} 30. Ne1 {[%emt 0:04:53]} 1/2-1/2

[Event "17th Aeroflot Open-A 2019"]
[Site "Moscow"]
[Date "2019.02.23"]
[Round "5.40"]
[White "Arjun Kalyan"]
[Black "Praggnanandhaa R"]
[Result "0-1"]
[WhiteElo "2444"]
[BlackElo "2532"]
[Annotator "ChessBase"]
[PlyCount "100"]
[EventDate "2019.02.19"]
[EventCountry "RUS"]
[SourceTitle "playchess.com"]
[Source "ChessBase"]
[SourceQuality "1"]
[TimeControl "40/5400+30:1800+30"]

1. e4 {[%emt 0:00:00]} c5 {[%emt 0:04:33]} 2. Nf3 {[%emt 0:00:00]} Nc6 {[%emt 0:00:22]} 3. d4 {[%emt 0:00:00]} cxd4 {[%emt 0:00:05]} 4. Nxd4 {[%emt 0:00:00]} Nf6 {[%emt 0:00:04]} 5. Nc3 {[%emt 0:00:00]} d6 {[%emt 0:00:02]} 6. Bg5 {[%emt 0:00:07]} e6 {[%emt 0:00:04]} 7. Qd2 {[%emt 0:00:17]} a6 {[%emt 0:00:05]} 8. O-O-O {[%emt 0:00:11]} Be7 {[%emt 0:00:04]} 9. f3 {[%emt 0:03:03]} Nxd4 {[%emt 0:00:06]} 10. Qxd4 {[%emt 0:00:04]} O-O {[%emt 0:00:08]} 11. h4 {[%emt 0:01:45]} b5 {[%emt 0:00:14]} 12. Qd2 {[%emt 0:00:47]} Bb7 {[%emt 0:00:53]} 13. Ne2 {[%emt 0:01:40]} Rc8 {[%emt 0:02:02]} 14. Nd4 {[%emt 0:02:42]} Nd7 {[%emt 0:03:06]} 15. Kb1 {[%emt 0:24:23]} Re8 {[%emt 0:04:28]} 16. Nb3 {[%emt 0:14:39]} d5 {[%emt 0:10:52]} 17. Na5 {[%emt 0:17:56]} Ba8 {[%emt 0:01:14]} 18. exd5 {[%emt 0:00:17]} Bxd5 {[%emt 0:01:18]} 19. c4 {[%emt 0:02:13]} bxc4 {[%emt 0:02:50]} 20. Bxc4 {[%emt 0:01:37]} Nf6 {[%emt 0:11:07]} 21. Bxd5 {[%emt 0:07:13]} Nxd5 {[%emt 0:02:01]} 22. Bxe7 {[%emt 0:01:21]} Rxe7 {[%emt 0:01:51]} 23. Rc1 {[%emt 0:01:27]} Rec7 {[%emt 0:01:02]} 24. Rxc7 {[%emt 0:01:39]} Rxc7 {[%emt 0:00:16]} 25. Nb3 {[%emt 0:00:51]} h6 {[%emt 0:03:05]} 26. Qd4 {[%emt 0:04:53]} Qd6 {[%emt 0:09:23]} 27. Rc1 {[%emt 0:01:36]} Rxc1+ {[%emt 0:01:52]} 28. Nxc1 {[%emt 0:00:02]} Qg3 {[%emt 0:06:54]} 29. Qc4 {[%emt 0:07:21]} Qxg2 {[%emt 0:07:33]} 30. Qc8+ {[%emt 0:01:33]} Kh7 {[%emt 0:00:08]} 31. Qxa6 {[%emt 0:00:04]} Qxf3 {[%emt 0:04:04]} 32. Qd3+ {[%emt 0:00:08]} Qxd3+ {[%emt 0:00:18]} 33. Nxd3 {[%emt 0:00:01]} g5 {[%emt 0:05:44]} 34. hxg5 {[%emt 0:00:10]} hxg5 {[%emt 0:00:11]} 35. Kc2 {[%emt 0:01:08]} Kg6 {[%emt 0:01:53]} 36. a4 {[%emt 0:02:03]} Kf5 {[%emt 0:03:08]} 37. Kd2 {[%emt 0:00:30]} Ke4 {[%emt 0:03:47]} 38. a5 {[%emt 0:01:48]} Nc7 {[%emt 0:01:45]} 39. Ke2 {[%emt 0:00:12]} Kd4 {[%emt 0:03:01]} 40. Ne1 {[%emt 0:00:00]} g4 {[%emt 0:00:00]} 41. Kf2 {[%emt 0:02:49]} Kc4 {[%emt 0:07:50]} 42. Kg3 {[%emt 0:00:40]} f5 {[%emt 0:00:18]} 43. Ng2 {[%emt 0:00:50]} Kb5 {[%emt 0:02:51]} 44. Kf4 {[%emt 0:00:07]} Kxa5 {[%emt 0:01:00]} 45. Ke5 {[%emt 0:00:02]} Kb6 {[%emt 0:05:00]} 46. Kd6 {[%emt 0:00:05]} Nd5 {[%emt 0:02:35]} 47. Kxe6 {[%emt 0:00:12]} f4 {[%emt 0:00:09]} 48. Kxd5 {[%emt 0:01:15]} f3 {[%emt 0:00:06]} 49. Ne3 {[%emt 0:00:49]} g3 {[%emt 0:00:08]} 50. Nc4+ {[%emt 0:00:39]} Kc7 {[%emt 0:00:27]} 0-1

[Event "17th Aeroflot Open-A 2019"]
[Site "Moscow"]
[Date "2019.02.24"]
[Round "6.1"]
[White "Tabatabaei, M.amin"]
[Black "Sasikiran, Krishnan"]
[Result "1/2-1/2"]
[WhiteElo "2590"]
[BlackElo "2678"]
[Annotator "TA"]
[PlyCount "45"]
[EventDate "2019.02.19"]
[EventCountry "RUS"]
[SourceTitle "playchess.com"]
[Source "ChessBase"]
[SourceQuality "1"]

{[%evp 16,45,45,39,40,38,34,29,43,35,49,23,54,19,19,16,18,26,8,0,21,0,31,27,15,0,23,-6,-1,-8,-6,-22]} 1. Nf3 g6 2. e4 Bg7 3. d4 d6 4. Nc3 Nf6 5. Be2 O-O 6. O-O c6 7. h3 Nbd7 8. Bf4 Qc7 9. e5 dxe5 {B08: Pirc Defence: Classical System} 10. Nxe5 Nxe5 11. Bxe5 Qb6 {White has an edge.} 12. Na4 Qa5 13. c3 (13. c4 Ne8 14. c5 Be6 15. b4 Qxb4 16. Rb1 Qa5 17. Nb2 Bxe5 18. dxe5 {0-1 (28) Yermolinsky,A (2506)-Amonatov,F (2614) Arica 2018}) 13... Nd7 14. Bxg7 (14. b4 {seems wilder.} Qd8 15. Bxg7 Kxg7 16. Re1 Qc7 17. Qd2) 14... Kxg7 15. Re1 $146 ({Predecessor:} 15. Bf3 Rd8 16. b4 Qg5 17. Qc1 Qxc1 18. Rfxc1 {0-1 (55) Harman,K (1585)-Krongraf,H ICCF email 2014}) 15... e5 16. b4 Qc7 17. dxe5 Nxe5 18. Qd4 {[#] Black must now prevent f4.} Rd8 19. Qf4 f6 20. Nb2 a5 21. Nd3 Bf5 22. Nxe5 Qxe5 23. Qxe5 {Accuracy: White = 41%, Black = 81%.} 1/2-1/2

[Event "17th Aeroflot Open-A 2019"]
[Site "Moscow"]
[Date "2019.02.24"]
[Round "6.2"]
[White "Kulaots, Kaido"]
[Black "Chigaev, Maksim"]
[Result "1/2-1/2"]
[WhiteElo "2542"]
[BlackElo "2613"]
[Annotator "TA"]
[PlyCount "139"]
[EventDate "2019.02.19"]
[EventCountry "RUS"]
[SourceTitle "playchess.com"]
[Source "ChessBase"]
[SourceQuality "1"]

{[%evp 19,139,14,18,0,0,0,0,0,13,8,22,0,-4,-13,-18,-27,0,0,0,0,0,-4,10,0,0,5,127,142,226,212,238,221,452,444,468,470,1014,1015,1006,992,1370,-49,-52,-379,-377,-331,268,252,264,256,252,268,260,261,253,248,246,248,229,197,188,179,169,151,97,33,14,15,41,0,0,0,16,0,0,0,0,0,0,0,0,0,0,-8,-8,-8,-8,-268,344,344,297,207,207,189,546,435,1475,1378,5073,5073,5057,1378,4804,4566,4486,1479,1479,1471,1443,1410,1410,1395,1363,28,28,28,28,0,0,0,0,0]} 1. e4 e5 2. Nf3 Nc6 3. Bb5 a6 4. Ba4 Nf6 5. O-O Be7 6. Re1 b5 7. Bb3 d6 8. c3 O-O 9. d4 Bg4 10. Be3 Bh5 11. h3 {C91: Closed Ruy Lopez: 7...d6 8 c3 0-0 9 d4} exd4 (11... Nxe4 $2 12. Bd5 $18) (11... a5 12. a4 exd4 13. Bxd4 b4 14. Nbd2 Rb8 15. Rc1 Nd7 16. Qc2 bxc3 17. bxc3 Nce5 18. Nxe5 dxe5 {½-½ (33) Grandelius,N (2651)-Morozevich,A (2665) Malmo 2018}) 12. cxd4 Na5 13. Nbd2 Nxb3 14. axb3 Bg6 15. Bf4 $146 ({Predecessor:} 15. Nh4 Bxe4 16. Nxe4 Nxe4 17. Nf5 Bf6 18. Qg4 d5 19. Bh6 {½-½ (73) Pezo,E (2265)-Harabor,M (2325) ICCF email 2009}) 15... d5 {[%cal Rd5e4]} 16. e5 Ne4 17. Nf1 f6 18. Rc1 fxe5 19. Bxe5 Rc8 20. Rc6 a5 21. Qc1 {[%cal Rc6c7]} Bb4 22. Re2 {[%cal Re5c7]} Rxf3 (22... Rf7 $11) 23. gxf3 $16 Ng5 (23... Nd6 $16) 24. Re3 $18 (24. Bxc7 $2 Nxf3+ 25. Kg2 Qd7 $19) (24. Rxc7 Rxc7 25. Qxc7 Qxc7 $11) 24... Nxh3+ 25. Kg2 $1 {[%cal Rg2h3]} Bf5 $2 (25... Ng5 26. Ng3 (26. Rxc7 Rxc7 27. Qxc7 Qxc7 $16) 26... Qd7 27. Rxc7 Rxc7 28. Qxc7 Qxc7 29. Bxc7 Bf7) 26. f4 Qh4 27. Rg3 Bd6 (27... Bf8 $142 28. Qe3 a4 29. Rxh3 Qxh3+ 30. Qxh3 Bxh3+ 31. Kxh3 axb3) 28. Bxd6 {[%mdl 64] Pin} Re8 29. Ne3 $1 {[%cal Re3f5]} (29. Rxc7 Be4+ 30. f3 Bxf3+ $1 {[%mdl 512]} 31. Kxf3 Qh5+ 32. Rg4 Ng1+ 33. Kg3 Qh3+ 34. Kf2 Re2+ 35. Kxg1 Qxg4+ 36. Ng3 Qxg3+ 37. Kh1 Qh2#) 29... cxd6 {[#]} 30. Nxf5 $2 (30. Rxg7+ $1 $18 {[%mdl 512]} Kf8 (30... Kxg7 31. Nxf5+) 31. Nxf5 Qxf4 32. Qxf4 Nxf4+ 33. Kf3) 30... Nxf4+ $15 31. Kf3 $4 {[%mdl 8192]} (31. Qxf4 $15 Qxf4 32. Nxg7 Qe4+ 33. Kh2) 31... Qh5+ $19 32. Rg4 Ne6 $4 {[%mdl 8192]} (32... Ne2 $1 $19 {and life is good for Black.} 33. Qb1 (33. Qg5 $2 {gets mated.} Ng1+ 34. Kg3 Qh3+ 35. Kf4 Qf3#) 33... g6) 33. Nh6+ $1 $18 Kh8 34. Kg3 $1 gxh6 35. Rc8 {Threatens to win with Qc6.} Ng5 36. Rxe8+ Qxe8 {[%mdl 4096] Endgame KQR-KQN} 37. Qf4 {And now Qf6+ would win.} Qe7 38. Qf5 Kg7 39. Kg2 Qf7 40. Qxf7+ Kxf7 {KR-KN} 41. Rh4 Kg6 42. f3 ({Better is} 42. Rh1 $16) 42... h5 43. Kf2 Ne6 44. Ke3 {[%mdl 1024] White has compensation.} Ng7 45. Rh1 Nf5+ 46. Kf2 Kg5 47. Ra1 Kf4 48. Rxa5 Nxd4 {[%mdl 64] Double Attack} 49. Ra7 h6 50. Rh7 Nf5 {aiming for ...h4.} 51. Rb7 h4 {Strongly threatening ...d4.} 52. Rxb5 h3 $1 {White must now prevent ...d4.} 53. Kg1 $2 {[%mdl 8192]} ({Don't blunder} 53. Rxd5 $2 h2 $19) (53. Ra5 $1 $11 {and White has nothing to worry.} d4 54. Kg1) 53... Kxf3 $4 {[%mdl 8192]} (53... Ne3 $1 $19 {and all is fine. ( -> ...Kg3)} 54. Rb6 Kxf3) 54. Rxd5 Ke4 55. Rd1 d5 56. b4 {[%cal Bb3b4,Bb4b5,Bb5b6][%mdl 32]} d4 $2 {[#]} (56... Nd6 {is tougher.} 57. Re1+ Kf5) 57. b5 $1 {[%cal Rb5b6]} h2+ (57... Kd5 $142 58. Rd3 h2+ 59. Kxh2 Nd6) 58. Kxh2 d3 59. b6 Nd6 60. Kg3 (60. Kg2 $142 Kd5 61. Rxd3+ Kc6 62. Kf3) 60... Ke3 {[#]} 61. Re1+ $1 Kd4 62. Re6 (62. Kf2 $142 d2 63. Rh1) 62... Kd5 63. Rxh6 d2 64. Rh1 Kc6 65. Kf3 Nc4 66. Ke2 $2 (66. Rb1 $18 {b7! is the strong threat.} Kxb6 67. Ke2) 66... Nxb2 $11 67. b7 Kxb7 68. Rb1 d1=Q+ 69. Rxd1 Nxd1 70. Kxd1 {Accuracy: White = 47%, Black = 48%.} 1/2-1/2

[Event "17th Aeroflot Open-A 2019"]
[Site "Moscow"]
[Date "2019.02.24"]
[Round "6.3"]
[White "Zhou, Jianchao"]
[Black "Martirosyan, Haik M."]
[Result "1/2-1/2"]
[WhiteElo "2615"]
[BlackElo "2616"]
[Annotator "TA"]
[PlyCount "48"]
[EventDate "2019.02.19"]
[EventCountry "RUS"]
[SourceTitle "playchess.com"]
[Source "ChessBase"]
[SourceQuality "1"]

{[%evp 16,48,0,0,0,0,0,0,0,0,0,0,15,20,23,32,27,11,29,1,50,56,56,22,31,23,34,27,33,27,30,14,40,26,48]} 1. d4 Nf6 2. c4 e6 3. Nc3 Bb4 4. Qc2 O-O 5. a3 Bxc3+ 6. Qxc3 d5 7. e3 b6 8. Nf3 Bb7 9. b3 Nbd7 {E32: Nimzo-Indian: Classical (4 Qc2): 4...0-0} 10. Be2 c5 11. O-O Rc8 {The position is equal.} 12. Bb2 cxd4 (12... Ne4 13. Qc2 cxd4 14. exd4 Nd6 15. Nd2 Qf6 16. Rac1 Nf5 17. Qd3 {½-½ (63) Yu,Y (2751)-Kryvoruchko,Y (2689) Riadh 2017}) 13. exd4 dxc4 14. bxc4 b5 15. c5 Bc6 $146 ({Predecessor:} 15... Nd5 16. Qd2 Bc6 17. Rfd1 {0-1 (49) Maiorov,N (2547)-Gascon del Nogal,J (2477) Rochefort 2018}) 16. Nd2 Nd5 17. Qg3 Qf6 {next ...Nxc5! is good for Black.} 18. Ne4 Qg6 19. Bd3 Qxg3 20. hxg3 Rb8 21. Nd6 N7f6 22. Bc1 Rfd8 23. Rb1 {[%cal Rd6b5]} a6 24. Bd2 Ra8 {Accuracy: White = 63%, Black = 59%.} 1/2-1/2

[Event "17th Aeroflot Open-A 2019"]
[Site "Moscow"]
[Date "2019.02.24"]
[Round "6.4"]
[White "Antipov, Mikhail Al."]
[Black "Wei, Yi"]
[Result "0-1"]
[WhiteElo "2589"]
[BlackElo "2733"]
[Annotator "TA"]
[PlyCount "44"]
[EventDate "2019.02.19"]
[EventCountry "RUS"]
[SourceTitle "playchess.com"]
[Source "ChessBase"]
[SourceQuality "1"]

{[%evp 9,44,-14,-14,-33,-36,-40,-46,-41,-47,-97,-81,-87,-64,-119,-116,-114,-109,-254,-248,-235,-181,-248,-233,-461,-452,-458,-454,-490,-494,-795,-804,-942,-931,-928,-916,-1242,-959]} 1. b3 e5 2. Bb2 Nc6 3. e3 g6 4. h4 Nf6 5. Bb5 Qe7 $146 ({Predecessor:} 5... d6 6. Ne2 Bg7 7. d4 exd4 8. Nxd4 Bd7 9. Nxc6 bxc6 10. Bd3 h5 11. Nc3 O-O {0-1 (31) Jobava,B (2690)-Le,Q (2737) Riadh 2017}) 6. Nf3 {A01: Nimzowitsch-Larsen Opening} e4 7. Ng5 Bg7 8. Nc3 {Black is slightly better.} O-O 9. h5 {[#]} d5 $1 10. hxg6 fxg6 11. Bxc6 (11. d4 $15) 11... bxc6 $17 12. Qe2 {[#]} Bg4 $1 $36 {[%cal Rg4e2][%mdl 2048] Black has strong initiative.} 13. Qa6 (13. f3 $17 Bc8 14. O-O-O) 13... Nh5 $19 14. Nh3 Qe6 15. Rf1 (15. Rb1 $142) 15... Be5 16. Na4 $2 (16. Ba3 Qf6 17. Bxf8 Rxf8 18. Nxd5 cxd5 19. Qxf6 Rxf6 20. Rb1) 16... Bxb2 {Black is clearly winning.} 17. Nxb2 Qe5 18. c3 Qh2 19. Nf4 (19. Ng5 $142 Ng3 20. Nh3) 19... Rxf4 20. exf4 Nxf4 {[%cal Rf4g2]} 21. f3 exf3 22. gxf3 Bc8 {Precision: White = 28%, Black = 98%.} 0-1

[Event "17th Aeroflot Open-A 2019"]
[Site "Moscow"]
[Date "2019.02.24"]
[Round "6.5"]
[White "Deac, Bogdan-Daniel"]
[Black "Fier, Alexandr"]
[Result "1/2-1/2"]
[WhiteElo "2603"]
[BlackElo "2561"]
[Annotator "TA"]
[PlyCount "30"]
[EventDate "2019.02.19"]
[EventCountry "RUS"]
[SourceTitle "playchess.com"]
[Source "ChessBase"]
[SourceQuality "1"]

{[%evp 17,30,6,20,22,11,8,11,0,44,0,14,16,23,0,18]} 1. Nf3 c5 2. c4 Nc6 3. Nc3 g6 4. e3 Nf6 5. d4 cxd4 6. exd4 d5 7. cxd5 Nxd5 8. Qb3 e6 9. Bb5 Bg7 10. O-O {A35: Symmetrical English: 2 Nc3 Nc6 3 Nf3} O-O 11. Bxc6 bxc6 12. Re1 Ba6 (12... Qc7 13. h3 Rb8 14. Qd1 Rd8 15. Ne4 h6 16. Bd2 Kh7 17. Rb1 Rb5 {1-0 (78) Cheparinov,I (2709)-Alekseev,E (2639) St Petersburg 2018}) 13. Qa3 $146 ({Predecessor:} 13. Na4 Nb6 14. Nc5 Bc4 15. Qd1 Bd5 16. Ne5 Qh4 17. b3 Nc8 {½-½ (50) Horvath,D (2447)-Baenziger,F (2355) Porto Carras 2018}) 13... Bc4 14. Bg5 f6 15. Be3 Nb6 1/2-1/2